000 00289nam a22001217a 4500
008 180511b xxu||||| |||| 00| 0 eng d
041 _aeng
080 _a043.3
100 _a0
101 _aSHKI-BTH
245 _aImplementimi i sigurisë në Active directory
_cMorina,I
942 _2udc
_cBK
999 _c45703
_d45703